000 00633cab a2200229 4500
001 WB3403-12
008 090401t1998 xxu||||| |||| 00| 0 eng d
035 _a(Sirsi) u83231
041 _aeng
245 _aCity will thrive on Euro
260 _c1998
350 _a0
490 _aDaily Telegraph
_v21 January 1998, 29(1)
520 _aBank of England governor, Eddie George predicts that the single currency wil mean extra business for the City.
650 _aCITY OF LONDON
650 _aEURO
650 _aFUTURE
650 _aSINGLE CURRENCY
690 _aEUROPE-SINGLE MARKET
942 _n0
948 _c21/01/1998
999 _c52557
_d52557